000 00305nam a22001217a 4500
008 181217b xxu||||| |||| 00| 0 eng d
041 _aeng
080 _a701
100 _a44
101 _aART
245 _aSmall Format Oil on Canvas Figures, Still Lifes and Landscapes
_cDiebenkorn,R
942 _2udc
_cBK
999 _c53231
_d53231